| 000 | 00541nam a2200181Ia 4500 | ||
|---|---|---|---|
| 005 | 20250508163731.0 | ||
| 008 | 008 250505s9999 xx 000 0 hin d | ||
| 037 | _aReference | ||
| 040 |
_aFEDL _beng _cFEDL |
||
| 041 |
_ahin _2eng |
||
| 084 |
_a370.954, AGN _qFEDL |
||
| 100 |
_aAgnihotari Ravindra _9776157 |
||
| 245 | 0 | _aAdhunik bhartiya shiksha : Samsyaen aur samadhan | |
| 260 |
_aJaipur, India _bRajasthan Hindi Granth Akademi _c1987 |
||
| 300 | _a395p. | ||
| 942 |
_cREF _h370.954, AGN |
||
| 999 |
_c1384955 _d1384955 |
||